=LDR 00000nam 2200000 4500 =001 INLIS000000000036751 =005 20130612142523 =008 ***********************************Ind** =035 ##$$0010-061300000036751 =041 ##$$a Ind =082 ##$$a 959.83 =090 ##$$a 959.83, Alk p =100 ##$$a Alkatiri, Zeffry =245 ##$$a Pasar gambir, komik cina dan es shanghai, sisik melik jakarta 1970-an, Zeffry Alkatiri =260 ##$$a 2010 $b jakarta =300 ##$$a x, 185 hlm, ilus, 21 cm =650 ##$$a Jakarta-sejarah =850 ##$$a NBPNMAT =990 ##$$a 21472147 =990 ##$$a 01201802147